000 00554nam a2200205 a 4500
001 14033
003 BD-JhCC
005 20240524092653.0
008 240524b19761984n |||| ||a| 001 0 eng d
035 _a(BD-JhCC)14033
040 _aBD-JhCC
_dBD-JhCC
041 _aenglish
082 _a372.21
_bMOR 1984
100 _a Morrison,George S.
245 _aEarly Childhoodn Education Today /
_bGeorge S. Morrison.
260 _aLondon:
_bCharles E.Merrill;
_c1984.
300 _a502 p. :
_c24 cm.
650 _aEarly childhood education
942 _2ddc
_cBK
999 _c14033
_d14033